|
|
|
|
| LEADER |
01104nam a2200265 u 4500 |
| 001 |
10048472 |
| 003 |
upatras |
| 005 |
20210117200335.0 |
| 008 |
031007s1999 uk eng |
| 020 |
|
|
|a 0748408312
|
| 040 |
|
|
|a GR-PaULI
|c GR-PaULI
|
| 041 |
0 |
|
|a eng
|
| 082 |
0 |
4 |
|a 910.285
|
| 100 |
1 |
|
|a Wachowicz, Monica
|9 40043
|
| 245 |
1 |
0 |
|a Object-oriented design for temporal GIS
|c Monica Wachowicz
|
| 260 |
|
|
|a London
|b Taylor & Francis
|c 1999
|
| 300 |
|
|
|a xiii, 118 p.
|b fig., tab.
|c 24 cm.
|
| 504 |
|
|
|a Includes bibliographical references and index
|
| 650 |
|
4 |
|a Γεωγραφικά συστήματα πληροφοριών
|9 5542
|
| 650 |
|
4 |
|a Γεωγραφικά συστήματα πληροφοριών
|x Βάσεις δεδομένων
|9 39472
|
| 852 |
|
|
|a GR-PaULI
|b ΠΑΤΡΑ
|b ΑΡΧΙΤΕΚΤΟΝΙΚΗ
|k ΑΣΧΞ-2
|h 910.285 WAC
|m 003353
|p 025000118648
|t 1
|
| 942 |
|
|
|2 ddc
|c BK15
|
| 952 |
|
|
|0 0
|1 0
|4 0
|6 910_285000000000000_WAC
|7 0
|9 39337
|a ARCH
|b ARCH
|d 2016-04-24
|i 003353
|l 0
|o 910.285 WAC
|p 025000118648
|r 2016-04-24 00:00:00
|t 1
|w 2016-04-24
|y BK15
|
| 998 |
|
|
|c Λοτσάρη
|d 2003-10
|
| 999 |
|
|
|c 25275
|d 25275
|